000
00231 a2200109 4500
090
_c
2514
_d
2514
100
_a
SHARMA, R. K
245
_a
BUSNIESS MANAGEMENT
260
_a
NEW DELHI
300
_a
510
942
_a
NBS
_c
BK
_k
658.01 SHA
999
_c
345009
_d
345009